Анализ реализации дополнительных языковых практик в условиях вузовского образования; Уровневая подготовка специалистов: государственные и международные стандарты инженерного образования

Dades bibliogràfiques
Parent link:Уровневая подготовка специалистов: государственные и международные стандарты инженерного образования.— 2013.— [С. 282-284]
Autor principal: Сидоренко Т. В. Татьяна Валерьевна
Autor corporatiu: Национальный исследовательский Томский политехнический университет (ТПУ) Институт кибернетики (ИК) Кафедра иностранных языков института кибернетики (ИЯИК)
Sumari:Заглавие с экрана
Idioma:rus
Publicat: 2013
Col·lecció:Родной и иностранные языки в обучении и профессиональной деятельности инженера/специалиста
Matèries:
Accés en línia:http://www.lib.tpu.ru/fulltext/c/2013/C09/159.pdf
Format: MixedMaterials Electrònic Capítol de llibre
KOHA link:https://koha.lib.tpu.ru/cgi-bin/koha/opac-detail.pl?biblionumber=243427

MARC

LEADER 00000naa2a2200000 4500
001 243427
005 20251218093530.0
035 |a (RuTPU)RU\TPU\book\264771 
035 |a RU\TPU\book\264765 
090 |a 243427 
100 |a 20130926d2013 k y0rusy50 ca 
101 0 |a rus 
102 |a RU 
135 |a arnn ---uucaa 
181 0 |a i  
182 0 |a b 
200 1 |a Анализ реализации дополнительных языковых практик в условиях вузовского образования  |f Т. В. Сидоренко 
203 |a Текст  |c электронный 
225 1 |a Родной и иностранные языки в обучении и профессиональной деятельности инженера/специалиста 
300 |a Заглавие с экрана 
320 |a [Библиогр.: с. 284 (2 назв.)] 
337 |a Adobe Reader 
463 1 |0 (RuTPU)RU\TPU\book\262130  |t Уровневая подготовка специалистов: государственные и международные стандарты инженерного образования  |o сборник трудов научно-методической конференции, 26-30 марта 2013 г., Томск  |f Национальный исследовательский Томский политехнический университет (ТПУ) ; ред. кол. А. И. Чучалин [и др.]  |v [С. 282-284]  |d 2013 
610 1 |a труды учёных ТПУ 
610 1 |a электронный ресурс 
610 1 |a иностранные языки 
610 1 |a изучение 
610 1 |a практика 
610 1 |a самостоятельная работа 
700 1 |a Сидоренко  |b Т. В.  |c лингвист  |c доцент Томского политехнического университета, кандидат педагогических наук  |f 1976-  |g Татьяна Валерьевна  |3 (RuTPU)RU\TPU\pers\26702  |9 12360 
712 0 2 |a Национальный исследовательский Томский политехнический университет (ТПУ)  |b Институт кибернетики (ИК)  |b Кафедра иностранных языков института кибернетики (ИЯИК)  |3 (RuTPU)RU\TPU\col\18707 
801 2 |a RU  |b 63413507  |c 20161114  |g RCR 
856 4 |u http://www.lib.tpu.ru/fulltext/c/2013/C09/159.pdf 
942 |c CF